Quick Pick: Country Ends Quiz Stats

 Plays Quiz Updated Sep 18, 2019

Score 0/12 Timer 01:00
1 Play Today
% Correct
-bia
88.8%
-raq
88.1%
-nia
86.5%
-pan
75.1%
-dom
72.9%
-nce
67.1%
-ark
59.1%
-ala
53%
-one
48.3%
-uti
44%
-mas
40.2%
-vis
26%

Today's Daily Dose

Missing Word
Sherlocks

Word Ladder
King of the Hill

Quick Pick
Songs in Pink

Get the Picture
NBA Teammates

You're not logged in!

Compare scores with friends on all Sporcle quizzes.
OR
Log In

Sporcle TV

Today on Sporcle TV


Watch our educational content, quiz creation guides, and fun videos on Sporcle TV.

Show Comments

Extras

Top Quizzes Today


Score Distribution

Your Account Isn't Verified!

In order to create a playlist on Sporcle, you need to verify the email address you used during registration. Go to your Sporcle Settings to finish the process.

Report this User

Report this user for behavior that violates our Community Guidelines.

Details: